[Event "Cto Aragon Equipos Pref Gr I "]
[Site "Aragon"]
[Date "2018.03.10"]
[Round "7.33"]
[White "Gimeno Oteo, Marco Antonio"]
[Black "Perez Puyal, Jose Joaquin"]
[Result "1/2-1/2"]
[WhiteElo "2104"]
[BlackElo "1877"]
[PlyCount "47"]
[EventDate "2018.??.??"]
[EventType "tourn"]
[EventRounds "9"]
[EventCountry "ESP"]
[WhiteTeam "San Jose"]
[BlackTeam "Actur Rey Fernando"]

1. e4 d5 2. exd5 Qxd5 3. Nc3 Qa5 4. Nf3 Nf6 5. Be2 Bg4 6. b4 Qb6 7. Ne5 Bxe2 8.
Qxe2 c6 9. O-O Nbd7 10. Nc4 Qc7 11. b5 e6 12. a4 Bc5 13. a5 O-O 14. Ba3 Rfd8
15. Bxc5 Nxc5 16. d3 h6 17. b6 Qf4 18. Qe3 Qd4 19. Ne2 Qd5 20. h3 a6 21. Nc3
Qd4 22. Ne2 Qd5 23. Nc3 Qd4 24. Ne2 1/2-1/2

[Event "Cto Aragon Equipos Pref Gr I "]
[Site "Aragon"]
[Date "2018.03.10"]
[Round "7.34"]
[White "Aviol Perez, Jose Mariano"]
[Black "Gutierrez Mingueza, Ruben"]
[Result "0-1"]
[WhiteElo "1786"]
[BlackElo "2080"]
[PlyCount "100"]
[EventDate "2018.??.??"]
[EventType "tourn"]
[EventRounds "9"]
[EventCountry "ESP"]
[WhiteTeam "Actur Rey Fernando"]
[BlackTeam "San Jose"]

1. d4 d5 2. Nf3 Nf6 3. c4 e6 4. Nc3 Be7 5. Bg5 O-O 6. e3 Nbd7 7. cxd5 exd5 8.
Bd3 Re8 9. Qc2 Nf8 10. O-O c6 11. h3 Ng6 12. Rfe1 Ne4 13. Bxe7 Qxe7 14. Rab1
Nh4 15. Nxh4 Qxh4 16. f3 Ng5 17. Qf2 Qh6 18. Qg3 Rxe3 19. Kf2 Rxe1 20. Rxe1 Ne6
21. Qd6 Qd2+ 22. Re2 Qxd3 23. Qd8+ Nf8 24. Re8 Qxd4+ 25. Kg3 h6 26. Rxf8+ Kh7
27. Rh8+ Kg6 28. Ne2 Qe5+ 29. Kf2 Qxb2 30. Qd6+ f6 31. Qg3+ Kf7 32. Qc7+ Kg6
33. Rg8 f5 34. Kg3 Kh7 35. Re8 Qf6 36. Nf4 b6 37. h4 c5 38. h5 Qg5+ 39. Kf2 Bb7
40. Re6 Rg8 41. g3 Bc8 42. Rg6 Qd8 43. Qxa7 d4 44. Qf7 Kh8 45. Re6 Bxe6 46.
Nxe6 Qd5 47. Qe7 Qe5 48. Qd7 d3 49. Nf4 Qd4+ 50. Qxd4 cxd4 0-1

[Event "Cto Aragon Equipos Pref Gr I "]
[Site "Aragon"]
[Date "2018.03.10"]
[Round "7.35"]
[White "Gracia Suarez, Jesus"]
[Black "Arbiol Val, Sergio"]
[Result "1-0"]
[WhiteElo "2080"]
[BlackElo "1631"]
[PlyCount "43"]
[EventDate "2018.??.??"]
[EventType "tourn"]
[EventRounds "9"]
[EventCountry "ESP"]
[WhiteTeam "San Jose"]
[BlackTeam "Actur Rey Fernando"]

1. Nc3 e5 2. e4 Nf6 3. f4 exf4 4. e5 Ng8 5. d4 d6 6. Bxf4 dxe5 7. dxe5 Qxd1+ 8.
Rxd1 c6 9. Ne4 Bf5 10. Bd3 Nd7 11. Nd6+ Bxd6 12. Bxf5 Ne7 13. Bxd7+ Kxd7 14.
Rxd6+ Ke8 15. Ne2 Nf5 16. Rd3 Ke7 17. O-O b6 18. Bd2 Nh4 19. Bb4+ Ke8 20. e6 f6
21. Nf4 b5 22. Be1 1-0

[Event "Cto Aragon Equipos Pref Gr I "]
[Site "Aragon"]
[Date "2018.03.10"]
[Round "7.36"]
[White "Fernandez Sierra, Pedro Jose"]
[Black "Ferreruela Romero, Jose Joaquin"]
[Result "0-1"]
[WhiteElo "1541"]
[BlackElo "2021"]
[PlyCount "88"]
[EventDate "2018.??.??"]
[EventType "tourn"]
[EventRounds "9"]
[EventCountry "ESP"]
[WhiteTeam "Actur Rey Fernando"]
[BlackTeam "San Jose"]

1. e4 e6 2. d4 b6 3. Nf3 Bb7 4. Bd3 d6 5. O-O Nd7 6. Re1 Ne7 7. c4 Ng6 8. Nbd2
Be7 9. b3 O-O 10. Nf1 c5 11. d5 Bf6 12. Rb1 a5 13. Ng3 Re8 14. Nh5 exd5 15.
Nxf6+ Nxf6 16. exd5 Rxe1+ 17. Qxe1 Qf8 18. Bb2 Re8 19. Qd2 Ng4 20. Bxg6 hxg6
21. Re1 Bc8 22. h3 Nf6 23. Ng5 Rxe1+ 24. Qxe1 Qe8 25. Kf1 Bf5 26. Qd2 Ne4 27.
Nxe4 Qxe4 28. Qd1 Qb1 29. Qxb1 Bxb1 30. a3 Ba2 31. b4 Bxc4+ 32. Ke1 Bxd5 33. g3
f6 34. h4 Kf7 35. Bc3 axb4 36. axb4 Ke6 37. Kd2 Be4 38. Ke3 d5 39. bxc5 bxc5
40. Ba1 Bb1 41. Bb2 d4+ 42. Kd2 Kd5 43. Bc1 c4 44. Ba3 c3+ 0-1

[Event "Cto Aragon Equipos Pref Gr I "]
[Site "Aragon"]
[Date "2018.03.10"]
[Round "7.37"]
[White "Cid Royo, Jonathan"]
[Black "Delgado Crespo, Mairelys"]
[Result "1/2-1/2"]
[WhiteElo "2244"]
[BlackElo "2250"]
[PlyCount "47"]
[EventDate "2018.??.??"]
[EventType "tourn"]
[EventRounds "9"]
[EventCountry "ESP"]
[WhiteTeam "L'Aurora Estadilla"]
[BlackTeam "Jaime Casas B"]

1. e4 e6 2. d4 c5 3. d5 exd5 4. exd5 d6 5. c4 Nf6 6. Bd3 Be7 7. Ne2 O-O 8. O-O
Na6 9. Nbc3 Nc7 10. Ng3 g6 11. f4 Rb8 12. Qc2 b5 13. b3 b4 14. Nd1 Nce8 15. Bb2
Ng7 16. Ne3 h5 17. f5 g5 18. Ne4 Nxe4 19. Bxe4 Bf6 20. Rae1 Bxb2 21. Qxb2 f6
22. h3 Rb7 23. g4 Re7 24. Bf3 1/2-1/2

[Event "Cto Aragon Equipos Pref Gr I "]
[Site "Aragon"]
[Date "2018.03.10"]
[Round "7.38"]
[White "Rodriguez Leiva, Manuel"]
[Black "Cid Royo, Oscar"]
[Result "0-1"]
[WhiteElo "1935"]
[BlackElo "2001"]
[PlyCount "76"]
[EventDate "2018.??.??"]
[EventType "tourn"]
[EventRounds "9"]
[EventCountry "ESP"]
[WhiteTeam "Jaime Casas B"]
[BlackTeam "L'Aurora Estadilla"]

1. c4 e6 2. Nc3 d5 3. cxd5 exd5 4. d4 Nf6 5. Nf3 c6 6. Bg5 Be7 7. e3 Bg4 8. Be2
Nbd7 9. O-O O-O 10. h3 Bh5 11. Rc1 Re8 12. Nh4 Bxe2 13. Qxe2 h6 14. Bxf6 Bxf6
15. Nf5 Nf8 16. Qc2 Qd7 17. Ng3 Ne6 18. Na4 Be7 19. Nc3 Bd6 20. Nce2 Ng5 21.
Qf5 Qe7 22. Qg4 g6 23. h4 f5 24. Nxf5 gxf5 25. Qxf5 Qe6 26. Ng3 Bxg3 27. Qxe6+
Nxe6 28. fxg3 Re7 29. Rf6 Kg7 30. Rcf1 Rf8 31. Rxf8 Nxf8 32. Rf3 Nd7 33. Kf2
Nf6 34. Ke2 Re4 35. Rf4 Rxf4 36. gxf4 Kg6 37. Kf3 h5 38. b4 Kf5 0-1

[Event "Cto Aragon Equipos Pref Gr I "]
[Site "Aragon"]
[Date "2018.03.10"]
[Round "7.39"]
[White "Felez Casedas, Carlos"]
[Black "Buil Rello, Jose Antonio"]
[Result "0-1"]
[WhiteElo "1998"]
[BlackElo "1761"]
[PlyCount "106"]
[EventDate "2018.??.??"]
[EventType "tourn"]
[EventRounds "9"]
[EventCountry "ESP"]
[WhiteTeam "L'Aurora Estadilla"]
[BlackTeam "Jaime Casas B"]

1. d4 d6 2. Nf3 Nd7 3. e3 e5 4. c4 c6 5. Nc3 Be7 6. Be2 Ngf6 7. Qc2 O-O 8. O-O
Qc7 9. Rb1 a5 10. a3 d5 11. cxd5 cxd5 12. Qb3 e4 13. Nb5 Qb8 14. Ne1 Nb6 15.
Bd2 Be6 16. f4 g6 17. Qd1 Rc8 18. g4 Nc4 19. f5 Bd7 20. Nc3 g5 21. a4 Kg7 22.
Bxc4 Rxc4 23. Kg2 Qh8 24. h4 h6 25. h5 Qe8 26. b3 Rc7 27. Kh3 b6 28. Qe2 Bb4
29. Na2 Bd6 30. Nc3 Rcc8 31. Rc1 Qe7 32. Nb5 Rxc1 33. Bxc1 Bb8 34. Rg1 Nxh5 35.
Ba3 Bxb5 36. Qxb5 Qc7 37. Rg2 Nf6 38. Qe2 Qc3 39. Be7 Ra7 40. Bxf6+ Kxf6 41.
Nc2 Qxb3 42. Na1 Qxa4 43. Qb2 Qc6 44. Qa3 Qd6 45. Qa4 Qd7 46. Qb3 b5 47. Rc2
Rc7 48. Kg2 Rc4 49. Qa3 Qd6 50. Qxa5 Qg3+ 51. Kf1 Qf3+ 52. Kg1 Qxg4+ 53. Kh1
Qf3+ 0-1

[Event "Cto Aragon Equipos Pref Gr I "]
[Site "Aragon"]
[Date "2018.03.10"]
[Round "7.40"]
[White "Olivan Alvira, Alejandro"]
[Black "Pellicer Cemeli, Jose Luis"]
[Result "0-1"]
[WhiteElo "1512"]
[BlackElo "1969"]
[PlyCount "66"]
[EventDate "2018.??.??"]
[EventType "tourn"]
[EventRounds "9"]
[EventCountry "ESP"]
[WhiteTeam "Jaime Casas B"]
[BlackTeam "L'Aurora Estadilla"]

1. c4 e5 2. e4 Nc6 3. Nc3 Bc5 4. Nf3 d6 5. d3 f5 6. Bg5 Nge7 7. Nd2 O-O 8. Qh5
Be6 9. f3 Qd7 10. Bxe7 Nxe7 11. Qh4 Ng6 12. Qg5 f4 13. g4 a6 14. Qh5 b5 15. b3
Bd4 16. Rc1 b4 17. Ne2 Ba7 18. Qh3 Qc6 19. Qg2 Nh4 20. Qh3 g5 21. Bg2 Rf6 22.
Ng3 Qc5 23. Rf1 Rh6 24. Kd1 Nf5 25. Nxf5 Rxh3 26. Bxh3 Bxf5 27. gxf5 Qe3 28.
Kc2 Kf7 29. Bg4 Qd4 30. Nb1 Qb6 31. h4 gxh4 32. Rh1 Kf6 33. Rxh4 Qf2+ 0-1

[Event "Cto Aragon Equipos Pref Gr I "]
[Site "Aragon"]
[Date "2018.03.10"]
[Round "7.41"]
[White "Ocabo Vera, Pedro Aristides"]
[Black "Vallverdu Miret, Oscar"]
[Result "1/2-1/2"]
[WhiteElo "1800"]
[BlackElo "2082"]
[PlyCount "98"]
[EventDate "2018.??.??"]
[EventType "tourn"]
[EventRounds "9"]
[EventCountry "ESP"]
[WhiteTeam "Monzon B"]
[BlackTeam "Fraga"]

1. d4 Nf6 2. Bf4 e6 3. e3 b6 4. Nf3 Bb7 5. a3 d6 6. c3 g6 7. Be2 Bg7 8. O-O O-O
9. h3 Nbd7 10. Nbd2 Ne4 11. Nxe4 Bxe4 12. Nd2 Bc6 13. Rc1 a5 14. Bf3 Bxf3 15.
Qxf3 e5 16. Bh2 f5 17. Qd5+ Kh8 18. Rc2 Qe7 19. Qc6 Rac8 20. b4 axb4 21. axb4
f4 22. exf4 exd4 23. cxd4 Bxd4 24. Nf3 Bf6 25. Re1 Qf7 26. Rce2 h6 27. Bg3 Nb8
28. Qb5 Qd7 29. Qd5 Rce8 30. Re6 Rxe6 31. Rxe6 c6 32. Qxd6 Qxd6 33. Rxd6 Be7
34. Rxg6 Kh7 35. f5 Nd7 36. Rxc6 Bxb4 37. Rc7 Rf7 38. Nd4 Ba5 39. Ne6 Kg8 40.
Bd6 Nf6 41. Rc8+ Kh7 42. Nf8+ Kg7 43. Ng6 b5 44. Ra8 Bc3 45. Rb8 Ne4 46. Be5+
Bxe5 47. Nxe5 Rxf5 48. Rxb5 Nxf2 49. Rb7+ Kg8 1/2-1/2

[Event "Cto Aragon Equipos Pref Gr I "]
[Site "Aragon"]
[Date "2018.03.10"]
[Round "7.42"]
[White "Aribau Rivas, Miguel Angel"]
[Black "Rodriguez Aranda, Kevin"]
[Result "1-0"]
[WhiteElo "2029"]
[BlackElo "1734"]
[PlyCount "47"]
[EventDate "2018.??.??"]
[EventType "tourn"]
[EventRounds "9"]
[EventCountry "ESP"]
[WhiteTeam "Fraga"]
[BlackTeam "Monzon B"]

1. e4 c6 2. d4 d5 3. e5 c5 4. c3 Bf5 5. Bd3 Bxd3 6. Qxd3 e6 7. Ne2 Nc6 8. a3
Qb6 9. O-O Nge7 10. b4 cxd4 11. cxd4 Nf5 12. Be3 a6 13. Nbc3 g6 14. Na4 Qa7 15.
Rfc1 Nxe3 16. Qxe3 h5 17. Qd3 Bh6 18. Rc3 O-O 19. Nc5 Rfd8 20. Nxe6 Nxe5 21.
dxe5 fxe6 22. Qxg6+ Bg7 23. Qxe6+ Kh8 24. Rh3 1-0

[Event "Cto Aragon Equipos Pref Gr I "]
[Site "Aragon"]
[Date "2018.03.10"]
[Round "7.43"]
[White "Arrieta Restrepo, Steven"]
[Black "Alsina Franco, Sergio"]
[Result "1-0"]
[WhiteElo "1687"]
[BlackElo "1857"]
[PlyCount "88"]
[EventDate "2018.??.??"]
[EventType "tourn"]
[EventRounds "9"]
[EventCountry "ESP"]
[WhiteTeam "Monzon B"]
[BlackTeam "Fraga"]

1. e4 c5 2. Nc3 Nc6 3. f4 g6 4. Nf3 Bg7 5. Bc4 e6 6. O-O Nge7 7. d3 Na5 8. Be3
Nxc4 9. dxc4 b6 10. Qd3 O-O 11. Rad1 Nc6 12. a3 Qe7 13. Rfe1 Rd8 14. e5 f6 15.
Bf2 fxe5 16. fxe5 Rf8 17. Bg3 Ba6 18. Nb5 Bxb5 19. cxb5 Rxf3 20. Qxf3 Rf8 21.
Qe4 Nd4 22. c3 Nf5 23. Rf1 Bh6 24. Rf3 Qg5 25. Qe2 Rf7 26. Bf4 Qe7 27. Bxh6
Nxh6 28. Rxf7 Nxf7 29. h3 d5 30. exd6 Nxd6 31. Qd3 Nf7 32. Qd7 Qf8 33. a4 Ne5
34. Qd8 Qxd8 35. Rxd8+ Kf7 36. Kf1 Nc4 37. Rd7+ Kf6 38. Rxh7 Nxb2 39. Rxa7 Nd1
40. a5 Nxc3 41. axb6 Nxb5 42. Rd7 c4 43. b7 c3 44. b8=Q c2 1-0

[Event "Cto Aragon Equipos Pref Gr I "]
[Site "Aragon"]
[Date "2018.03.10"]
[Round "7.44"]
[White "Agustin De Dios, Adrian"]
[Black "Mendoza Barcia, Pedro"]
[Result "0-1"]
[WhiteElo "1707"]
[BlackElo "1686"]
[PlyCount "50"]
[EventDate "2018.??.??"]
[EventType "tourn"]
[EventRounds "9"]
[EventCountry "ESP"]
[WhiteTeam "Fraga"]
[BlackTeam "Monzon B"]

1. e4 c5 2. Nc3 e6 3. g3 Nc6 4. Bg2 Nf6 5. d3 Be7 6. Be3 O-O 7. Nge2 d5 8. Bg5
d4 9. Nb1 h6 10. Bxf6 Bxf6 11. Nd2 Rb8 12. O-O Ne5 13. h3 b5 14. f4 Nd7 15. b3
Nb6 16. g4 Bb7 17. Ng3 Bh4 18. Nh1 f5 19. Nf2 fxe4 20. dxe4 Rxf4 21. Nd3 Rxf1+
22. Qxf1 Be7 23. Qe2 c4 24. Nf4 d3 25. cxd3 Qd4+ 0-1

[Event "Cto Aragon Equipos Pref Gr I "]
[Site "Aragon"]
[Date "2018.03.10"]
[Round "7.45"]
[White "Carruez Gracia, Eduardo"]
[Black "Malo Guillen, Jose Luis"]
[Result "1-0"]
[WhiteElo "2024"]
[BlackElo "2113"]
[PlyCount "65"]
[EventDate "2018.??.??"]
[EventType "tourn"]
[EventRounds "9"]
[EventCountry "ESP"]
[WhiteTeam "Agrupacion C"]
[BlackTeam "Las Fuentes"]

1. e4 e5 2. Nf3 Nc6 3. Bc4 Bc5 4. b4 Bxb4 5. c3 Bc5 6. d4 exd4 7. O-O d6 8.
cxd4 Bb6 9. Nc3 Na5 10. Ng5 Nh6 11. Be2 f6 12. Bh5+ g6 13. Nxh7 gxh5 14. Qxh5+
Nf7 15. Rd1 Be6 16. e5 d5 17. Qg6 Rxh7 18. Qxh7 fxe5 19. dxe5 Nc4 20. Qg6 Qe7
21. Nxd5 Bxd5 22. Rxd5 Ncxe5 23. Qg8+ Qf8 24. Qg3 Nd7 25. Ba3 Nd6 26. Re1+ Kd8
27. Red1 Kc8 28. Bxd6 cxd6 29. Rxd6 Nc5 30. Rg6 Nd7 31. Rc1+ Kd8 32. Qg5+ Ke8
33. Re1+ 1-0

[Event "Cto Aragon Equipos Pref Gr I "]
[Site "Aragon"]
[Date "2018.03.10"]
[Round "7.46"]
[White "Querol Soro, Sergio"]
[Black "Carruez Berges, Fernando"]
[Result "0-1"]
[WhiteElo "1959"]
[BlackElo "1981"]
[PlyCount "40"]
[EventDate "2018.??.??"]
[EventType "tourn"]
[EventRounds "9"]
[EventCountry "ESP"]
[WhiteTeam "Las Fuentes"]
[BlackTeam "Agrupacion C"]

1. Nf3 g6 2. d4 Bg7 3. c4 d6 4. Nc3 Nd7 5. e4 e5 6. dxe5 dxe5 7. Be2 Ngf6 8.
O-O O-O 9. h3 c6 10. Be3 Qe7 11. Qc2 Nh5 12. Rfd1 Nc5 13. Bf1 f5 14. Bg5 Qf7
15. b4 Ne6 16. exf5 gxf5 17. Rac1 e4 18. Nxe4 fxe4 19. Qxe4 Nxg5 20. Nxg5 Qxf2+
0-1

[Event "Cto Aragon Equipos Pref Gr I "]
[Site "Aragon"]
[Date "2018.03.10"]
[Round "7.47"]
[White "Manguez Tomas, Andres"]
[Black "Alonso Blasco, Jose Miguel"]
[Result "0-1"]
[WhiteElo "1939"]
[BlackElo "1949"]
[PlyCount "57"]
[EventDate "2018.??.??"]
[EventType "tourn"]
[EventRounds "9"]
[EventCountry "ESP"]
[WhiteTeam "Agrupacion C"]
[BlackTeam "Las Fuentes"]

1. d4 Nf6 2. c4 e6 3. Nf3 Bb4+ 4. Bd2 Qe7 5. g3 Nc6 6. Bg2 Bxd2+ 7. Nbxd2 d6 8.
a3 a5 9. O-O O-O 10. Qc2 a4 11. e4 e5 12. d5 Nb8 13. Rac1 b6 14. Rfe1 Bd7 15.
Nb1 Na6 16. Nc3 Nc5 17. Nd2 g6 18. Ne2 Nh5 19. Rf1 f5 20. f4 fxe4 21. fxe5 Qxe5
22. Nxe4 Bf5 23. Rxf5 gxf5 24. Nxc5 bxc5 25. Qd2 f4 26. Rc3 fxg3 27. Nxg3 Qd4+
28. Qxd4 cxd4 29. Rd3 0-1

[Event "Cto Aragon Equipos Pref Gr I "]
[Site "Aragon"]
[Date "2018.03.10"]
[Round "7.48"]
[White "Morato Garcia, Jesus"]
[Black "Montes Llorente, Diego"]
[Result "1-0"]
[WhiteElo "1914"]
[BlackElo "1775"]
[PlyCount "53"]
[EventDate "2018.??.??"]
[EventType "tourn"]
[EventRounds "9"]
[EventCountry "ESP"]
[WhiteTeam "Las Fuentes"]
[BlackTeam "Agrupacion C"]

1. d4 Nf6 2. c4 c5 3. d5 d6 4. Nc3 g6 5. e4 Bg7 6. Be2 O-O 7. Nf3 Nbd7 8. h3
Ne8 9. O-O Nc7 10. Be3 a6 11. Qd2 Ne5 12. Bh6 Nxf3+ 13. Bxf3 b5 14. Bxg7 Kxg7
15. Be2 bxc4 16. Bxc4 Bd7 17. f4 Bb5 18. Nxb5 axb5 19. Be2 Qd7 20. Bg4 Qd8 21.
f5 Ne8 22. fxg6 fxg6 23. Rxf8 Kxf8 24. Qh6+ Ng7 25. Be6 Rxa2 26. Rf1+ Ke8 27.
Qxg7 1-0

[Event "Cto Aragon Equipos Pref Gr I "]
[Site "Aragon"]
[Date "2018.03.10"]
[Round "7.49"]
[White "Correas Marcen, Jose Maria"]
[Black "Accattato Martin, Mario"]
[Result "1/2-1/2"]
[WhiteElo "1946"]
[BlackElo "2224"]
[PlyCount "121"]
[EventDate "2018.??.??"]
[EventType "tourn"]
[EventRounds "9"]
[EventCountry "ESP"]
[WhiteTeam "El Olivar C"]
[BlackTeam "Monsalud-Soluzion"]

1. Nf3 Nf6 2. g3 c5 3. Bg2 Nc6 4. O-O e5 5. d3 Be7 6. c4 d5 7. cxd5 Nxd5 8. Bd2
O-O 9. Nc3 Be6 10. Nxd5 Bxd5 11. Bc3 f6 12. Nd2 Kh8 13. Bxd5 Qxd5 14. Nc4 Nd4
15. e4 Qd7 16. Ne3 Ne6 17. Nd5 Bd6 18. f4 exf4 19. gxf4 f5 20. Qd2 b5 21. a3 c4
22. dxc4 Nc5 23. e5 Nb3 24. Qg2 Bc5+ 25. Kh1 Nxa1 26. e6 Qb7 27. e7 Rf7 28.
Rxa1 bxc4 29. Nc7 Qxg2+ 30. Kxg2 Rxe7 31. Nxa8 Re2+ 32. Kg3 Re3+ 33. Kg2 Re2+
34. Kh1 h5 35. Rd1 h4 36. Rd5 Be3 37. Rxf5 Kg8 38. Re5 h3 39. Rd5 Rg2 40. Rg5
Rc2 41. Rxg7+ Kf8 42. Rg1 Bxg1 43. Kxg1 Rg2+ 44. Kf1 Rxh2 45. Kg1 Rg2+ 46. Kh1
Rf2 47. Be5 Kf7 48. Nc7 Kg6 49. Nb5 Kf5 50. Nd6+ Kg4 51. Nxc4 Re2 52. f5 Kxf5
53. Bb8 a6 54. Kg1 Ke4 55. b4 Ra2 56. b5 Kd4 57. Be5+ Kxc4 58. b6 Rxa3 59. b7
Rb3 60. b8=Q Rxb8 61. Bxb8 1/2-1/2

[Event "Cto Aragon Equipos Pref Gr I "]
[Site "Aragon"]
[Date "2018.03.10"]
[Round "7.50"]
[White "Miranda Herrera, Jorge Manuel"]
[Black "Sarto Ramos, Angel"]
[Result "1/2-1/2"]
[WhiteElo "1858"]
[BlackElo "1937"]
[PlyCount "94"]
[EventDate "2018.??.??"]
[EventType "tourn"]
[EventRounds "9"]
[EventCountry "ESP"]
[WhiteTeam "Monsalud-Soluzion"]
[BlackTeam "El Olivar C"]

1. e4 Nc6 2. Bc4 e6 3. Qe2 Na5 4. Nc3 Nxc4 5. Qxc4 Ne7 6. d4 d5 7. Qd3 dxe4 8.
Nxe4 Nc6 9. Nf3 b6 10. Bg5 Be7 11. O-O Bb7 12. Rfe1 Nb4 13. Qd2 Nd5 14. Bxe7
Qxe7 15. c4 Nf6 16. Nxf6+ Qxf6 17. Ne5 O-O-O 18. Qc3 Rhf8 19. a4 Qf4 20. Rad1
f6 21. Nf3 Bxf3 22. gxf3 e5 23. d5 g5 24. a5 g4 25. axb6 gxf3 26. b7+ Kb8 27.
Kh1 Rg8 28. Rg1 Rg2 29. Rxg2 fxg2+ 30. Kg1 Rg8 31. Ra1 Qd4 32. Qxd4 exd4 33.
Rd1 Kxb7 34. Rxd4 Kb6 35. Rh4 Rg7 36. b4 c6 37. Rh6 Rf7 38. dxc6 Kxc6 39. Kxg2
Kd6 40. f4 Ke6 41. Rh3 Rb7 42. b5 Rc7 43. Kf3 Rxc4 44. Rxh7 Rb4 45. Rb7 Kf5 46.
Rxa7 Rb3+ 47. Kg2 Rxb5 1/2-1/2

[Event "Cto Aragon Equipos Pref Gr I "]
[Site "Aragon"]
[Date "2018.03.10"]
[Round "7.51"]
[White "Labrador Postigo, Francisco M"]
[Black "Miranda Garcia, Eduardo"]
[Result "1-0"]
[WhiteElo "1901"]
[BlackElo "1810"]
[PlyCount "65"]
[EventDate "2018.??.??"]
[EventType "tourn"]
[EventRounds "9"]
[EventCountry "ESP"]
[WhiteTeam "El Olivar C"]
[BlackTeam "Monsalud-Soluzion"]

1. d4 d6 2. Bf4 Nf6 3. e3 g6 4. h3 Bg7 5. Nf3 O-O 6. Nbd2 c5 7. c3 a6 8. a4
cxd4 9. cxd4 Nc6 10. Be2 Bf5 11. O-O Rc8 12. Qb3 Qd7 13. a5 e5 14. Bh2 exd4 15.
exd4 d5 16. Rfe1 Ne4 17. Nxe4 dxe4 18. d5 Nxa5 19. Rxa5 exf3 20. Bxf3 Rc2 21.
g4 Bd4 22. Bg3 Rxb2 23. Qc4 Bb6 24. Raa1 Rc8 25. Qf4 Bd3 26. Qe5 Rd2 27. Rac1
Rdc2 28. Rxc2 Bxc2 29. d6 Ba4 30. Qb2 Bc5 31. Re7 Qb5 32. Qf6 Qb1+ 33. Kh2 1-0

[Event "Cto Aragon Equipos Pref Gr I "]
[Site "Aragon"]
[Date "2018.03.10"]
[Round "7.52"]
[White "Soto Fidalgo, Guillermo"]
[Black "De La Riva Fernandez, Eduardo"]
[Result "1-0"]
[WhiteElo "1809"]
[BlackElo "1825"]
[PlyCount "97"]
[EventDate "2018.??.??"]
[EventType "tourn"]
[EventRounds "9"]
[EventCountry "ESP"]
[WhiteTeam "Monsalud-Soluzion"]
[BlackTeam "El Olivar C"]

1. d4 Nf6 2. Bg5 d5 3. Bxf6 exf6 4. e3 Bd6 5. g3 O-O 6. Bg2 c6 7. Nd2 Re8 8.
Ne2 Bf5 9. O-O Nd7 10. c4 dxc4 11. Nxc4 Nb6 12. Nxd6 Qxd6 13. Nc3 Rad8 14. a4
Qd7 15. Re1 Be6 16. Qh5 f5 17. a5 Nd5 18. Na4 Nf6 19. Qe2 Bd5 20. Nc5 Qc8 21.
a6 b6 22. Nb7 Rd7 23. Qc2 Bxg2 24. Kxg2 Ne4 25. Rac1 Nd6 26. Qxc6 Qxc6+ 27.
Rxc6 Nxb7 28. axb7 Rxb7 29. Rec1 g6 30. Rc7 Re7 31. Rc8+ Kg7 32. Kf3 a5 33.
R1c6 b5 34. d5 Rbd7 35. d6 Re6 36. Ra6 a4 37. Rcc6 Re5 38. Ke2 Rd5 39. f3 Rd8
40. e4 fxe4 41. fxe4 Rd4 42. Ke3 Rd1 43. e5 Re1+ 44. Kf4 Re2 45. Ra7 h6 46.
Rcc7 Rf2+ 47. Ke3 Rf5 48. Ke4 Kf8 49. Rab7 1-0

[Event "Cto Aragon Equipos Pref Gr II"]
[Site "Aragon"]
[Date "2018.03.10"]
[Round "7.54"]
[White "Garcia Morales, Roberto"]
[Black "Barranco Mananet, Fernando"]
[Result "1-0"]
[WhiteElo "2066"]
[BlackElo "2026"]
[PlyCount "90"]
[EventDate "2018.??.??"]
[EventType "tourn"]
[EventRounds "9"]
[EventCountry "ESP"]
[WhiteTeam "Agrupacion B"]
[BlackTeam "Monzon A"]

1. c4 g6 2. Nc3 Bg7 3. Nf3 d6 4. d4 Nd7 5. g3 e5 6. Bg2 Ne7 7. e3 O-O 8. O-O
Re8 9. b3 Nf5 10. Bb2 c6 11. d5 c5 12. Nd2 a6 13. Nde4 Nf6 14. Nxf6+ Bxf6 15.
Ne4 Bg7 16. Qe2 b5 17. Rfd1 bxc4 18. Qxc4 Bd7 19. Qc2 Nh6 20. Bc3 Qb6 21. Rab1
f5 22. Nd2 Bf6 23. Nc4 Qb8 24. b4 cxb4 25. Bxb4 Rc8 26. Rdc1 Nf7 27. Ba5 Bb5
28. Bf1 Qa7 29. a4 Bxc4 30. Bxc4 Bd8 31. Bb4 Bb6 32. Qe2 Bc5 33. h4 Bxb4 34.
Rxb4 e4 35. Rcb1 Ne5 36. Rb7 Qc5 37. Bxa6 Qxd5 38. R7b5 Rc5 39. Bb7 Rxb5 40.
Rxb5 Nf3+ 41. Qxf3 Qxb7 42. Qxf5 gxf5 43. Rxb7 Rxa4 44. Rd7 Ra1+ 45. Kg2 Rd1
1-0

[Event "Cto Aragon Equipos Pref Gr II"]
[Site "Aragon"]
[Date "2018.03.10"]
[Round "7.55"]
[White "Hidalgo Gracia, Andres"]
[Black "Carruez Berges, Santiago"]
[Result "1/2-1/2"]
[WhiteElo "1774"]
[BlackElo "2026"]
[PlyCount "81"]
[EventDate "2018.??.??"]
[EventType "tourn"]
[EventRounds "9"]
[EventCountry "ESP"]
[WhiteTeam "Monzon A"]
[BlackTeam "Agrupacion B"]

1. e4 c5 2. b4 d6 3. Nf3 Bg4 4. Bc4 e6 5. O-O Nf6 6. d3 Be7 7. bxc5 dxc5 8.
Nbd2 a6 9. a4 Nc6 10. Bb2 O-O 11. Qe1 Nb4 12. Bb3 b5 13. Ne5 Bh5 14. Qe3 Ng4
15. Nxg4 Bxg4 16. Qg3 h5 17. axb5 Bh4 18. Qe3 Qg5 19. Qxg5 Bxg5 20. f4 Bh4 21.
bxa6 Rfd8 22. g3 Bf6 23. Bxf6 gxf6 24. Nc4 Ra7 25. Ne3 Be2 26. Rfe1 Bg4 27. Bc4
Bh3 28. Ra5 Rc8 29. c3 Nc6 30. Rxc5 Rac7 31. Rb1 e5 32. f5 Ne7 33. Rxc7 Rxc7
34. Rb7 Rxb7 35. axb7 Nc6 36. Bb5 Nb8 37. Kf2 Bg4 38. Ke1 Kg7 39. c4 Kf8 40.
Nd5 Bf3 41. c5 1/2-1/2

[Event "Cto Aragon Equipos Pref Gr II"]
[Site "Aragon"]
[Date "2018.03.10"]
[Round "7.56"]
[White "Lopez Guaita, Fernando"]
[Black "Garreta Nieto, Maria"]
[Result "1-0"]
[WhiteElo "1869"]
[BlackElo "1734"]
[PlyCount "105"]
[EventDate "2018.??.??"]
[EventType "tourn"]
[EventRounds "9"]
[EventCountry "ESP"]
[WhiteTeam "Agrupacion B"]
[BlackTeam "Monzon A"]

1. e4 c6 2. Nc3 d5 3. Nf3 dxe4 4. Nxe4 Bg4 5. h3 Bxf3 6. Qxf3 Nd7 7. d4 Ngf6 8.
Bc4 e6 9. c3 Be7 10. Bf4 Nb6 11. Bd3 Nbd5 12. Bg3 O-O 13. O-O Rc8 14. Rfd1 Nxe4
15. Qxe4 Nf6 16. Qe5 Qd5 17. Be2 Rfd8 18. Bf3 Qxe5 19. dxe5 Nd5 20. c4 Nb6 21.
b3 h6 22. Bf4 Bb4 23. a3 Be7 24. Be3 Nd7 25. Bxa7 Nxe5 26. Be2 Bf6 27. Bb6 Re8
28. Rab1 g5 29. g3 Re7 30. Bd8 Rxd8 31. Rxd8+ Kg7 32. Rdd1 Rc7 33. Kg2 Be7 34.
b4 f5 35. Rd2 Kf6 36. Rbd1 f4 37. c5 Kg6 38. Bg4 Kf6 39. Re1 Nxg4 40. hxg4 Bf8
41. Red1 Ke7 42. gxf4 gxf4 43. Kf3 e5 44. Ke4 Kf6 45. Rd7 Rc8 46. Rd8 Rxd8 47.
Rxd8 Be7 48. Rb8 Kg5 49. f3 Bf6 50. Rxb7 h5 51. gxh5 Kxh5 52. Rc7 Kg5 53. Rxc6
1-0